| 000 | 01066cam a2200205 4500 | ||
|---|---|---|---|
| 001 | WB@3612-517 | ||
| 008 | 041209n2004 000 0 eng u | ||
| 035 | _a(Sirsi) u128253 | ||
| 245 | _aForecast for 2005 | ||
| 260 | _c2004 | ||
| 490 |
_aHBOS Press Release _v3 December 2004 (7) |
||
| 520 | _aThe "HBOS economic forecast for 2005" focuses on the prospects for the UK housing and savings markets in 2005. House prices in the UK are predicted to fall by 2% in 2005. This slight fall follows nine years of rising house prices. Beyond 2005 the prediction is that the market may record modest price increases. The housing market fundamentals are sound and a crash is not expected. It is also predicted that the base rate will fall to 4.25% by the end of 2005. This would improve affordability, especially for new borrowers. http://www.hbosplc.com/economy/nationalpressreleas e.asp | ||
| 590 | _aWB | ||
| 590 | _aWB | ||
| 650 | _aHOUSE PRICES | ||
| 650 | _aECONOMIC FORECASTS | ||
| 650 | _aHOUSE PRICE INFLATION | ||
| 690 | _aHOUSING-MARKET | ||
| 942 | _n0 | ||
| 999 |
_c118419 _d118419 |
||